000 00396nam a22001457a 4500
005 20150928140111.0
008 090714t xxu||||| |||| 00| 0 eng d
080 _a301(05)
_bICS.15
110 _aIndian Council of social science research
_9373
245 _a(Journal) ICSSR newsletter
260 _aNew delhi
_bICSSR
_c1969
490 _vvol.1,no.1
500 _aLib.has v.15(1984-85)
942 _cBV
999 _c1513
_d1513